|
|
|
|
| LEADER |
00000ngm a22000007i 4500 |
| 001 |
IT\ICCU\UBO\1261399 |
| 003 |
ItRI |
| 005 |
20260124182903.0 |
| 008 |
010410s1986 it |||||||||||||||k|||||c |
| 028 |
4 |
2 |
|a CM14
|
| 040 |
|
|
|b ita
|
| 041 |
|
7 |
|a ita
|2 ISO-639-2
|
| 130 |
0 |
|
|a Miracolo a Milano <film ; 1950>
|3 IT\ICCU\MOD\0891625
|
| 245 |
0 |
0 |
|a Miracolo a Milano /
|c regia e produzione: Vittorio De Sica. - Milano : Audiovisivi San Paolo, 1986. - 1 videocassetta (VHS) (97 min.) : b/n., son. + 1 fasc. (14 p.) ((Interpreti: Emma Gramatica, Poalo Stoppa ... [et. al.]. - Ripr. del film del 1951. - Tit. del fasc.: Miracolo a Milano : un film di Vittorio De Sica. - Descrizione basata sul contenitore.
|
| 246 |
1 |
3 |
|a Miracolo a Milano <videoregistrazione>
|9 IT\ICCU\MOD\0891626
|
| 700 |
1 |
|
|a De Sica, Vittorio
|0 IT\ICCU\CFIV\067250
|
| 700 |
1 |
|
|a Gramatica, Emma
|0 IT\ICCU\RAVV\089606
|
| 700 |
1 |
|
|a Stoppa, Paolo,
|d (1906-1988)
|0 IT\ICCU\RMLV\005377
|
| 830 |
|
0 |
|a CM ;
|v 14
|0 IT\ICCU\MIL\0353056
|
| 942 |
|
|
|2 ddc
|c VM
|n 0
|
| 952 |
|
|
|0 0
|1 0
|4 0
|6 VO_2063_000000000000000
|7 0
|9 27582
|a BO
|b BO
|d 2026-01-24
|i 16950
|l 0
|o VO 2063
|p BO16950
|r 2026-01-24 18:29:03
|w 2026-01-24
|x [Sebina 5] [1 videocassetta]
|y VM
|z 1 videocassetta
|
| 999 |
|
|
|c 23371
|d 23371
|